Internát, Sosnová ulica, Bratislava

Saved in:
Bibliographic Details
Main Author: Drblíková, Barbora (Author)
Other Authors: Bátor, Jozef (Thesis advisor)
Format: Manuscript Book
Language:Slovak
Published: Bratislava 2016
Subjects:
Online Access:http://is.stuba.sk/zp/portal_zp.pl?podrobnosti=121581
Tags: Add Tag
No Tags, Be the first to tag this record!

MARC

LEADER 00000ntm a22000003a 4500
001 stuzp57855
003 SK-STU
005 20210224091145.4
007 ta
008 150427s2015----xo-----f-mn---000-0-slo-d
040 |a STU  |b slo 
041 0 |a slo 
100 1 |a Drblíková, Barbora  |u 058180  |4 aut  |U FAD Fakulta architektúry  |T FA Ústav architektúry občianskych budov  |X 8143  |U A8180  |Y 399  |7 A000008143 
242 0 1 |a Internát, Sosnová ulica, Bratislava  |y eng 
245 1 0 |a Internát, Sosnová ulica, Bratislava 
260 |c 2016  |a Bratislava 
650 4 |a prechodné ubytovanie  |2 slo 
650 4 |a internát  |2 slo 
650 4 |a knižnica  |2 slo 
650 4 |a dormitory  |2 eng 
650 4 |a library  |2 eng 
650 4 |a temporary accommodation  |2 eng 
700 1 |a Bátor, Jozef  |u 058180  |k Z1  |4 ths  |U FAD Fakulta architektúry  |T FA Ústav architektúry občianskych budov  |X 4810  |U A8180  |Y 399  |7 A000004810 
856 4 |u http://is.stuba.sk/zp/portal_zp.pl?podrobnosti=121581  |u https://opac.crzp.sk/?fn=detailBiblioForm&sid=FFEED6484134604A3D70AFB88729 
SQL |a stuzp57855  |b DDP  |c SLO  |d Internát, Sosnová ulica, Bratislava  |e 8143  |f Drblíková, Barbora  |g 058180  |h 4810  |i Bátor, Jozef  |j 20160602  |k 153  |l 05  |m http://is.stuba.sk/zp/portal_zp.pl?podrobnosti=121581  |n I-ARCH  |o 5.1.1. architektúra a urbanizmus